Baseball Vocabulary - Statistics

General Stats
  • This quiz has been taken 14 times
  • The average score is 6 of 20
Answer Stats
Hint Answer % Correct
Another name for third base is the _____ corner Hot
80%
A left-handed pitcher Southpaw
80%
A batter whose average is below .200 is said to be hitting below this Mendoza line
60%
A bunt that attempts to score a runner from third base Squeeze
50%
A fly ball that is easily caught is a can of... Corn
40%
Inning in which a pitcher strikes out all three batters on three pitches each Immaculate
40%
An out that advances a runner is a ________ out Productive
40%
When all nine hitters come to bat in an inning Batting around
30%
Nickname for Wrigley Field: the ________ confines Friendly
30%
A player who strikes out four times in a game is said to earn this piece of headwear Golden sombrero
30%
A curveball that spins but doesn't curve is a _______ curveball Hanging
30%
Nickname for the right-field foul pole at Fenway Park: the ______ Pole Pesky
30%
A left-handed batter who hits balls to the right side of the field, or a right-handed batter who hits balls to the left side of the field, is a _____ hitter Pull
30%
When the fielding team has a large lead and doesn't bother to try to throw out a runner attempting to steal: defensive _________ Indifference
20%
A soft line drive that falls into the shallow outfield is a _______ Leaguer (hint - named after a state) Texas
20%
Ritual after a strikeout in which the catcher throws the ball to the infielders before it goes back to the pitcher Around the horn
10%
A pitch that starts off the plate outside but ends up a strike is a _____ ______ breaking ball Back door
10%
"Funny" term for a game where one team is ahead by a lot Laugher
10%
Ground ball that bounces high in the air, allowing the batter to reach first base (hint - named after a city) Baltimore chop
0%
Another term for the above (hint - named after a piece of construction equipment) Cement mixer
0%
No matching quizzes found
Score Distribution
Percent of People with Each Score
Percentile by Number Answered
Your Score History
You have not taken this quiz